| 000 | 00932nam a2200265 i 4500 | ||
|---|---|---|---|
| 003 | IT-RoINE | ||
| 005 | 20230202113350.0 | ||
| 008 | 890530s1982 sp | r o||| ||spa d | ||
| 020 | _a8431307609 | ||
| 040 |
_aIBH _cIT-RoINE _dIT-RoINE |
||
| 100 |
_aParedes Alonso, Francisco Javier _916384 |
||
| 245 | 1 | 0 |
_aPascual Madoz, 1805-1870 : _blibertad y progreso en la monarquía isabelina / _cFrancisco Javier Paredes Alonso. |
| 260 |
_aPamplona : _bUniversidad de Navarra, _c1982. |
||
| 300 |
_a574 p. ; _c22 cm. |
||
| 336 |
_2rdacontent _atext |
||
| 337 |
_2rdamedia _aunmediated |
||
| 338 |
_2rdacarrier _avolume |
||
| 490 | 1 | 0 |
_aColección histórica ; _v37 |
| 500 | _aIncluye índices | ||
| 504 | _aBibliografía: p. 547-558 | ||
| 600 | 1 | 6 |
_913614 _aMadoz, Pascual, _d1806-1870 |
| 651 | 4 |
_97148 _aEspaña _xHistoria _y1843-1868 (Isabel II) |
|
| 830 | 0 |
_913605 _aColección histórica (Universidad de Navarra) ; _v37 |
|
| 942 | _cMTS | ||
| 999 |
_c7909 _d7909 |
||